000 00678nas a2200253 i 4500
001 2285
003 ES-MaACL
005 20250830202530.0
007 t|
008 950801c1986 sp q| | 1 ||pa d
080 _a460
245 0 0 _aTemas árabes /
_cLiga de los Estados Arabes-Túnez.
260 _aMadrid :
_bUnidad de Revistas de la Secretaria General de la L.E.A,
_c1986-
300 _av ;
_c24 cm.
310 _aTrimestral
362 0 _aN. 1 (ago. 1986)-
650 7 _aCultura
_2embne
_9170963
655 7 _2tgfbne
_9226866
_aRevistas
710 2 _aLiga Árabe
_95531
852 _aES-MaACL
_jHem-1847
866 0 _o1986.
942 _2udc
999 _c2285
_d2285